Bubblegum Bitch - MARINA - All Lyrics - Statistics

General Stats
  • This quiz has been taken 576 times
  • The average score is 251 of 307
Answer Stats
Answer % Correct
I
99%
a
97%
you
97%
bubblegum
95%
Oh,
95%
oh,
95%
oh
95%
oh-oh-oh
95%
your
95%
your,
95%
be
94%
I'm
94%
I’m
94%
bitch
93%
me
93%
gonna
91%
He
89%
kiss
88%
sweet
87%
with
86%
heart
85%
Heart
85%
love
85%
love,
85%
pie,
85%
the
85%
lips
84%
Sugar
84%
my
83%
So
82%
so
82%
up
82%
all
80%
pop
80%
pop,
80%
to
80%
boy
79%
doll
79%
we
78%
and
77%
dear
77%
diary,
77%
think
77%
Life
76%
life
76%
maid
76%
met
76%
Miss
76%
of
76%
steal
76%
at
75%
Don’t
75%
don't
75%
is
75%
for
74%
girl
74%
joy
74%
apart
73%
Got
73%
got
73%
like
73%
made
73%
about
72%
care
72%
if
72%
I'll
72%
Pink,
72%
what
72%
'Cause
71%
die
71%
fell
71%
one
71%
Welcome
71%
that's
70%
chew
68%
out
68%
Electra
67%
figure
67%
liquor,
67%
liquor
67%
spit
67%
wanna
67%
hard
66%
Hit
66%
number
66%
closer
65%
pull
65%
dumb,
64%
sweetie
64%
you'd
64%
you're
64%
baby,
62%
here
62%
light
62%
Straight
62%
want
62%
young
62%
American
59%
come
59%
Soda
59%
soda
59%
lemonade
58%
pin-up,
58%
Candy
57%
some
57%
adored
55%
gave
55%
biggest
54%
lemons
54%
fan
51%
tan
50%
latex,
49%
bear,
46%
wonder
38%
Queentex,
31%
No matching quizzes found
Score Distribution
Percent of People with Each Score
Percentile by Number Answered
Your Score History
You have not taken this quiz